000 00960nam a2200265Ia 4500
003 OSt
005 20220930072800.0
006 a|||||r|||| 00| 0
007 ta
008 220926b |||||||| |||| 00| 0 eng d
024 _a24935
037 _cTheses
040 _aCRL
_cCRL
_beng
041 _2eng
_aeng
100 _aDudeja Rajesh
_9530419
110 _aUniversity of Delhi. Faculty of Medical Sciences. Department of Anaesthesiology
_9519568
245 0 _aClinical evaluation of effect of low dose intravenous fentanyl citrate on attenuation of hemodynamic responses to laryngoscopy and tracheal intubations
260 _c1998
300 _a66p.
_ap.
_ccm.
650 _aANESTHETICS
_9519569
700 _a Dr Poonam Bhadoria Supervisor
_9530420
700 _aUniversity of Delhi. Faculty of Medical Sciences. Department of Anaesthesiology
_9519571
942 _cDIS
_2CC
999 _c864308
_d864308